La vie sexuelle à Rome
Shranjeno v:
| Glavni avtor: | |
|---|---|
| Format: | Knjiga |
| Jezik: | francoščina |
| Izdano: |
París
Tallandier
2007
|
| Izdaja: | 1a. ed |
| Serija: | Historie
|
| Teme: | |
| Oznake: |
Označite
Brez oznak, prvi označite!
|
MARC
| LEADER | 00000nam a2200000 a 4500 | ||
|---|---|---|---|
| 001 | UCG6088 | ||
| 003 | CL-VaPUC | ||
| 008 | 110331e20070000FR |||||||||||||||||fre|d | ||
| 020 | |a 9782847342093 | ||
| 082 | 0 | 4 | |a 937.06 |b PUC |2 21 |
| 100 | 0 | |a Puccini-Delbey, Géraldine |e author |9 556091 | |
| 245 | 1 | 3 | |a La vie sexuelle à Rome |
| 250 | |a 1a. ed | ||
| 300 | |a 376 p | ||
| 942 | |c BK | ||
| 945 | |d 20110331 00:00:00 |a jcampos | ||
| 260 | |a París |b Tallandier |c 2007 | ||
| 650 | 0 | |a Historia de Roma |9 315349 | |
| 650 | 0 | |a Vida sexual |9 477532 | |
| 650 | 0 | |a Sexo |9 257818 | |
| 650 | 7 | |a ETICA SEXUAL |2 CL-VaPUC |9 556092 | |
| 650 | 7 | |a COSTUMBRES SEXUALES |2 CL-VaPUC |9 324457 | |
| 583 | |a last modification |c 20110331 00:00:00 |k Rodrigo Vera | ||
| 490 | 0 | |a Historie | |
| 999 | |c 344386 |d 344384 | ||
| 952 | |0 0 |1 0 |4 0 |6 937_060000000000000_PUC_2007 |7 0 |8 A |9 442334 |a BIBHIS |b BIBHIS |d 2019-11-22 |i 4763343 |o 937.06 PUC 2007 |p 4763343 |r 2023-01-25 |w 2019-11-22 |y BK |k HIS | ||
| 952 | |0 0 |1 0 |4 0 |6 937_060000000000000_PUC_2007 |7 0 |8 A |9 442335 |a BIBHIS |b BIBHIS |d 2019-11-22 |i 4764188 |o 937.06 PUC 2007 |p 4764188 |r 2023-01-25 |w 2019-11-22 |y BK |k HIS | ||